000 00515nam a2200193 a 4500
001 1770453312179
003 YourLibrary
005 20260207140842.0
008 260207s2009##################000#0#eng##
020 _a9781592578474
082 0 4 _a332
_bCLA
100 1 _aClark, Ken,
_eauthor.
245 1 0 _aThe Complete Idiot's Guide to Getting Out of Debt :
260 _bPenguin,
_c2009.
300 _a356 pages
650 0 _aBusiness & Economics.
942 _cENGLISH
040 _aYourLibrary
_beng
_cYourLibrary
999 _c610983
_d610983